000 00758cab a2200277 4500
001 ABS56745
008 090401t1997 xxu||||| |||| 00| 0 eng d
035 _a(Sirsi) u77534
041 _aeng
100 _aFerrie, A.
245 _aDreaming of a life behind bars?
260 _c1997
350 _a0
490 _aEstates Gazette
_v(9712) 22 March 1997, 143-145(3)
520 _aDescribes the procedures for obtaining a liquor licence under both English and Scottish law.
650 _aENGLAND
650 _aLEISURE INDUSTRY
650 _aLICENSED PREMISES
650 _aLICENSING LAW
650 _aLIQUOR LICENCE
650 _aSCOTLAND
690 _aLEISURE AND RECREATION
700 _aMacharg, M.
942 _n0
948 _c03/04/1997
999 _c48751
_d48751